000
00208nam a22000857a 4500
040
_c
SCME
100
_a
Wang
_9
91460
245
_a
Dispute resolution mechanism for the belt and road initiative
942
_2
ddc
_c
BK
999
_c
589588
_d
589588